000 00844nam a22002537a 4500
008 130821s1993 mx gr spa
020 _a9681325575
040 _aCo-BoUCM
_bspa
041 0 0 _aspa
060 _aWS 107
100 1 _aDoman, Glenn
_9170372
245 0 0 _aQué hacer por su niño con lesión cerebral
_cGlenn Doman
260 _aMéxico D.F. (México)
_bDiana
_c1993
300 _a418 páginas
490 _aSerie la Revolución Pacífica
500 _aIncluye índice
650 0 4 _aNiños lesionados del cerebro
_920381
650 0 4 _aParálisis cerebral en niños
_921067
650 0 4 _aPsicología
_98001
650 0 4 _aSíndrome de Down
_924458
650 0 4 _aTrastornos psicomotores
_925796
765 _aTítulo original : What to do about your brain injured child
942 _cLIBRO
_a26
_e1
_mD666Q
_2NLM
_hWS 107
_n0
999 _c80230
_d80230